000 006190000a22001690004500
003 MACL
005 20160219115216.0
008 160219b xxu||||| |||| 00| 0 eng d
040 _aMACL
_cMACL
041 _aHindi
082 _a370
100 _aमाचवे प्रभाकर
_937730
245 _aतेरह बरस से छोटी उम्र के बच्‍चों पर रघर आैर बाहर का प्रभाव
260 _bओरियन्‍ट लौंगमन्‍स
_c1956
_aकलकत्‍ता
650 _aEducation
_938994
942 _cHIN
_k370
_2ddc
999 _c24845
_d24845